[Event "1.CLZ 14/15,Unichess A-QCC Ceske Budejovice"]
[Site "Praha"]
[Date "2015.04.12"]
[Round "11.1"]
[White "Nguyen, Van Thai Dai"]
[Black "Vokac, Marek"]
[Result "0-1"]
[BlackElo "2458"]
[WhiteElo "2256"]
[LiveChessVersion "1.4.4"]

1. e4 {[%clk 1:30:56]} c6 {[%clk 1:27:24]} 2. d4 {[%clk 1:31:03]} d5
{[%clk 1:27:46]} 3. Nd2 {[%clk 1:31:08]} g6 {[%clk 1:27:59]} 4. Ngf3
{[%clk 1:29:11]} Bg7 {[%clk 1:27:36]} 5. Bd3 {[%clk 1:17:34]} Nh6
{[%clk 1:26:30]} 6. O-O {[%clk 1:16:52]} O-O {[%clk 1:21:35]} 7. Re1
{[%clk 1:16:03]} f6 {[%clk 1:21:52]} 8. c4 {[%clk 1:09:16]} e6 {[%clk 1:12:26]}
9. Qb3 {[%clk 1:01:28]} Nf7 {[%clk 1:11:43]} 10. exd5 {[%clk 0:47:59]} cxd5
{[%clk 1:10:30]} 11. cxd5 {[%clk 0:46:43]} exd5 {[%clk 1:10:30]} 12. Nf1
{[%clk 0:46:12]} Nc6 {[%clk 1:07:08]} 13. Ne3 {[%clk 0:45:29]} Be6
{[%clk 0:58:21]} 14. Qxb7 {[%clk 0:41:24]} Qd6 {[%clk 0:54:56]} 15. Bd2
{[%clk 0:37:49]} Rab8 {[%clk 0:37:22]} 16. Qa6 {[%clk 0:37:55]} Rxb2
{[%clk 0:35:22]} 17. Bb5 {[%clk 0:32:47]} Ncd8 {[%clk 0:20:19]} 18. Qa4
{[%clk 0:28:35]} Ng5 {[%clk 0:15:22]} 19. Bc3 {[%clk 0:24:19]} Rxf2
{[%clk 0:15:42]} 20. Nxg5 {[%clk 0:23:32]} fxg5 {[%clk 0:16:01]} 21. Bb4
{[%clk 0:23:44]} Qf4 {[%clk 0:16:21]} 22. Bxf8 {[%clk 0:23:01]} Bxd4
{[%clk 0:14:36]} 23. Bd6 {[%clk 0:19:40]} Rxg2+ {[%clk 0:10:23]} 24. Kxg2
{[%clk 0:17:14]} Qe4+ {[%clk 0:10:07]} 25. Kf2 {[%clk 0:16:21]} Bh3
{[%clk 0:07:19]} 26. Re2 {[%clk 0:12:38]} Ne6 {[%clk 0:04:37]} 27. Ke1
{[%clk 0:05:11]} Bc3+ {[%clk 0:02:32]} 28. Kd1 {[%clk 0:04:06]} Qh1+
{[%clk 0:02:58]} 29. Kc2 {[%clk 0:03:36]} Qxa1 {[%clk 0:03:24]} 30. Kd3
{[%clk 0:00:51]} Bd4 {[%clk 0:01:17]} 31. Qc2 {[%clk 0:00:33]} Bxe3
{[%clk 0:00:43]} 32. Qc8+ {[%clk 0:00:36]} Kg7 {[%clk 0:01:12]} 33. Qb7+
{[%clk 0:00:33]} Kh6 {[%clk 0:01:30]} 34. Kxe3 Qd4+ {[%clk 0:01:29]} 35. Kf3
{[%clk 0:01:01]} g4+ {[%clk 0:01:33]} 0-1

[Event "1.CLZ 14/15,Unichess A-QCC Ceske Budejovice"]
[Site "Praha"]
[Date "2015.04.12"]
[Round "11.2"]
[White "Cuhra, Martin"]
[Black "Cernousek, Lukas"]
[Result "0-1"]
[BlackElo "2453"]
[WhiteElo "2247"]
[LiveChessVersion "1.4.4"]

1. e4 {[%clk 1:30:57]} c5 {[%clk 1:30:53]} 2. Nf3 {[%clk 1:31:23]} d6
{[%clk 1:31:17]} 3. d4 {[%clk 1:31:50]} Nf6 {[%clk 1:31:41]} 4. Nc3
{[%clk 1:32:18]} cxd4 {[%clk 1:31:51]} 5. Nxd4 {[%clk 1:32:34]} a6
{[%clk 1:32:00]} 6. Bc4 {[%clk 1:32:40]} e6 {[%clk 1:32:23]} 7. Bb3
{[%clk 1:33:06]} b5 {[%clk 1:32:48]} 8. f3 {[%clk 1:32:18]} Nbd7 {[%clk 1:20:58]}
9. Be3 {[%clk 1:32:09]} Nc5 {[%clk 1:20:58]} 10. Qd2 {[%clk 1:31:52]} Bb7
{[%clk 1:14:24]} 11. O-O-O {[%clk 1:31:26]} Be7 {[%clk 1:06:17]} 12. g4
{[%clk 1:28:01]} Nfd7 {[%clk 1:01:52]} 13. h4 {[%clk 1:24:15]} Nb6
{[%clk 0:58:44]} 14. Bg5 {[%clk 1:19:11]} b4 {[%clk 0:42:03]} 15. Nd5
{[%clk 1:11:35]} Nxb3+ {[%clk 0:36:50]} 16. axb3 {[%clk 1:10:18]} Bxg5
{[%clk 0:31:45]} 17. hxg5 {[%clk 1:10:27]} exd5 {[%clk 0:31:59]} 18. Nf5
{[%clk 1:07:51]} g6 {[%clk 0:30:04]} 19. Qd4 {[%clk 1:02:58]} Kd7
{[%clk 0:26:38]} 20. Ne3 {[%clk 0:51:07]} a5 {[%clk 0:17:00]} 21. exd5
{[%clk 0:39:08]} Kc7 {[%clk 0:16:10]} 22. f4 {[%clk 0:32:37]} Rc8
{[%clk 0:13:31]} 23. Rh3 {[%clk 0:25:08]} Kb8 {[%clk 0:13:19]} 24. Rdh1
{[%clk 0:19:31]} Qc7 {[%clk 0:13:20]} 25. Kb1 {[%clk 0:19:20]} Qc5
{[%clk 0:07:41]} 0-1

[Event "1.CLZ 14/15,Unichess A-QCC Ceske Budejovice"]
[Site "Praha"]
[Date "2015.04.12"]
[Round "11.3"]
[White "Simek, Petr"]
[Black "Vybiral, Zdenek"]
[Result "1-0"]
[BlackElo "2215"]
[WhiteElo "2383"]
[LiveChessVersion "1.4.4"]

1. d4 {[%clk 1:30:58]} Nf6 {[%clk 1:10:13]} 2. c4 {[%clk 1:29:26]} g6
{[%clk 1:10:37]} 3. g3 {[%clk 1:29:50]} Bg7 {[%clk 1:11:01]} 4. Bg2
{[%clk 1:30:16]} O-O {[%clk 1:11:27]} 5. Nc3 {[%clk 1:30:34]} d6 {[%clk 1:11:52]}
6. Nf3 {[%clk 1:30:57]} c6 {[%clk 1:12:10]} 7. O-O {[%clk 1:31:18]} Qa5
{[%clk 1:12:37]} 8. h3 {[%clk 1:22:27]} e5 {[%clk 1:12:53]} 9. e4
{[%clk 1:21:14]} Re8 {[%clk 1:13:15]} 10. Be3 {[%clk 1:17:59]} Nbd7
{[%clk 0:57:07]} 11. Re1 {[%clk 1:04:50]} exd4 {[%clk 0:54:46]} 12. Nxd4
{[%clk 1:05:14]} Ne5 {[%clk 0:55:11]} 13. Bf1 {[%clk 0:59:42]} a6
{[%clk 0:26:25]} 14. f4 {[%clk 0:57:56]} Ned7 {[%clk 0:26:18]} 15. Qc2
{[%clk 0:57:43]} Nf8 {[%clk 0:22:47]} 16. Rad1 {[%clk 0:55:22]} Qc7
{[%clk 0:21:47]} 17. Bg2 {[%clk 0:49:36]} Ne6 {[%clk 0:21:43]} 18. Nb3
{[%clk 0:47:20]} a5 {[%clk 0:21:58]} 19. Na4 {[%clk 0:35:28]} Nd7
{[%clk 0:22:22]} 20. Qd2 {[%clk 0:35:45]} Bf8 {[%clk 0:22:46]} 21. Qf2
{[%clk 0:32:38]} Ra6 {[%clk 0:18:16]} 22. Bf3 {[%clk 0:13:34]} b6
{[%clk 0:17:30]} 23. h4 {[%clk 0:13:42]} Nec5 {[%clk 0:17:17]} 24. Nbxc5
{[%clk 0:13:11]} bxc5 {[%clk 0:14:53]} 25. Bd2 {[%clk 0:11:18]} Nb6
{[%clk 0:13:09]} 26. Nxb6 {[%clk 0:11:38]} Qxb6 {[%clk 0:13:37]} 27. Bc3
{[%clk 0:12:00]} Be6 {[%clk 0:13:53]} 28. Be2 {[%clk 0:11:49]} f5
{[%clk 0:10:31]} 29. exf5 {[%clk 0:09:15]} Bxf5 {[%clk 0:10:42]} 30. Bd3
{[%clk 0:06:56]} Rxe1+ {[%clk 0:10:43]} 31. Qxe1 {[%clk 0:07:21]} Bd7
{[%clk 0:10:50]} 32. h5 {[%clk 0:02:03]} Kf7 {[%clk 0:10:56]} 33. hxg6+
{[%clk 0:02:23]} hxg6 {[%clk 0:11:21]} 34. f5 {[%clk 0:01:29]} Qd8
{[%clk 0:09:28]} 35. fxg6+ {[%clk 0:01:38]} Kg8 {[%clk 0:09:52]} 36. Qf2
{[%clk 0:01:35]} Be8 {[%clk 0:08:52]} 37. Qh2 {[%clk 0:01:43]} 1-0

[Event "1.CLZ 14/15,Unichess A-QCC Ceske Budejovice"]
[Site "Praha"]
[Date "2015.04.12"]
[Round "11.4"]
[White "Richtrova, Eliska"]
[Black "Kuba, Jindrich"]
[Result "1-0"]
[BlackElo "2327"]
[WhiteElo "2239"]
[LiveChessVersion "1.4.4"]

1. c4 {[%clk 1:30:18]} Nf6 {[%clk 1:30:47]} 2. Nf3 {[%clk 1:30:00]} e6
{[%clk 1:30:59]} 3. b3 {[%clk 1:27:48]} d5 {[%clk 1:30:44]} 4. Bb2
{[%clk 1:28:13]} c5 {[%clk 1:30:06]} 5. e3 {[%clk 1:26:43]} Nc6 {[%clk 1:26:11]}
6. Be2 {[%clk 1:27:08]} Be7 {[%clk 1:25:58]} 7. O-O {[%clk 1:24:23]} O-O
{[%clk 1:25:44]} 8. d4 {[%clk 1:23:03]} b6 {[%clk 1:17:36]} 9. Nc3
{[%clk 1:14:32]} Bb7 {[%clk 1:15:20]} 10. Rc1 {[%clk 1:03:58]} cxd4
{[%clk 1:11:05]} 11. exd4 {[%clk 1:02:02]} Rc8 {[%clk 1:11:09]} 12. Nb5
{[%clk 0:48:36]} a6 {[%clk 1:08:56]} 13. Nc3 {[%clk 0:48:52]} Re8
{[%clk 1:01:43]} 14. Na4 {[%clk 0:47:52]} Ne4 {[%clk 0:58:21]} 15. Bd3
{[%clk 0:43:18]} f5 {[%clk 0:56:47]} 16. Qe2 {[%clk 0:37:16]} Bf6
{[%clk 0:51:35]} 17. Rfd1 {[%clk 0:33:11]} Nb4 {[%clk 0:41:48]} 18. Bb1
{[%clk 0:31:09]} Nc6 {[%clk 0:34:24]} 19. Bd3 {[%clk 0:25:19]} Rb8
{[%clk 0:32:17]} 20. h3 {[%clk 0:21:03]} Nb4 {[%clk 0:32:01]} 21. Bb1
{[%clk 0:21:12]} dxc4 {[%clk 0:17:28]} 22. bxc4 {[%clk 0:21:19]} b5
{[%clk 0:17:56]} 23. cxb5 {[%clk 0:19:18]} axb5 {[%clk 0:18:19]} 24. Nc5
{[%clk 0:19:34]} Nxc5 {[%clk 0:18:04]} 25. dxc5 {[%clk 0:19:43]} Bd5
{[%clk 0:18:01]} 26. a3 {[%clk 0:10:41]} Nc6 {[%clk 0:15:28]} 27. Ba2
{[%clk 0:09:54]} b4 {[%clk 0:10:05]} 28. Bxf6 {[%clk 0:06:55]} Qxf6
{[%clk 0:10:26]} 29. axb4 {[%clk 0:07:05]} Nxb4 {[%clk 0:10:26]} 30. Bxd5
{[%clk 0:07:25]} Nxd5 {[%clk 0:08:10]} 31. Qe5 {[%clk 0:05:26]} Rbc8
{[%clk 0:06:14]} 32. c6 {[%clk 0:04:57]} Qxe5 {[%clk 0:06:01]} 33. Nxe5
{[%clk 0:05:23]} Rc7 {[%clk 0:06:25]} 34. Rc5 {[%clk 0:04:58]} Rec8
{[%clk 0:05:40]} 35. h4 {[%clk 0:04:09]} Kf8 {[%clk 0:05:25]} 36. g3
{[%clk 0:04:10]} Ke7 {[%clk 0:03:05]} 37. f4 {[%clk 0:04:18]} Nb4
{[%clk 0:01:11]} 38. Re1 {[%clk 0:02:26]} Kd6 {[%clk 0:01:02]} 39. Rb5
{[%clk 0:02:06]} Nxc6 {[%clk 0:00:58]} 40. Nc4+ {[%clk 0:01:10]} Ke7
{[%clk 0:00:56]} 41. Nb6 {[%clk 0:01:22]} Nd4 {[%clk 0:25:48]} 42. Nxc8+
{[%clk 0:26:08]} Rxc8 {[%clk 0:26:17]} 43. Rb7+ {[%clk 0:26:13]} Kf6
{[%clk 0:26:46]} 44. Rd1 {[%clk 0:25:22]} Ne2+ {[%clk 0:26:04]} 45. Kf2
{[%clk 0:25:02]} Nc3 {[%clk 0:26:30]} 46. Rdd7 {[%clk 0:22:52]} Ne4+
{[%clk 0:26:48]} 47. Ke3 {[%clk 0:21:51]} h5 {[%clk 0:21:26]} 48. Rf7+
{[%clk 0:17:30]} Kg6 {[%clk 0:21:55]} 49. Rxg7+ {[%clk 0:17:36]} Kh6
{[%clk 0:22:24]} 50. Kd4 {[%clk 0:15:35]} Rc5 {[%clk 0:18:31]} 51. Rgd7
{[%clk 0:14:11]} Ra5 {[%clk 0:17:49]} 52. Rb6 {[%clk 0:13:04]} Ra4+
{[%clk 0:17:43]} 53. Ke5 {[%clk 0:12:32]} Nc5 {[%clk 0:18:09]} 54. Rc7
{[%clk 0:11:02]} Re4+ {[%clk 0:13:49]} 55. Kf6 {[%clk 0:11:13]} Rc4
{[%clk 0:14:18]} 56. Rxe6 {[%clk 0:10:27]} Re4 {[%clk 0:12:32]} 1-0

[Event "1.CLZ 14/15,Unichess A-QCC Ceske Budejovice"]
[Site "Praha"]
[Date "2015.04.12"]
[Round "11.5"]
[White "Rehorek, Martin"]
[Black "Marikova, Jana"]
[Result "1-0"]
[BlackElo "2185"]
[WhiteElo "2293"]
[LiveChessVersion "1.4.4"]

1. Nf3 {[%clk 1:30:57]} Nf6 {[%clk 1:30:44]} 2. c4 {[%clk 1:31:22]} g6
{[%clk 1:31:08]} 3. b4 {[%clk 1:31:13]} Bg7 {[%clk 1:30:58]} 4. Bb2
{[%clk 1:31:37]} O-O {[%clk 1:30:44]} 5. e3 {[%clk 1:31:44]} d6 {[%clk 1:29:52]}
6. d3 {[%clk 1:28:35]} Nbd7 {[%clk 1:25:47]} 7. Be2 {[%clk 1:23:46]} b6
{[%clk 1:22:37]} 8. O-O {[%clk 1:09:56]} Bb7 {[%clk 1:22:55]} 9. Nc3
{[%clk 1:06:38]} c5 {[%clk 1:19:30]} 10. a3 {[%clk 1:06:27]} d5 {[%clk 1:17:07]}
11. cxd5 {[%clk 1:05:15]} Nxd5 {[%clk 1:15:42]} 12. Qd2 {[%clk 1:05:17]} Nxc3
{[%clk 1:11:32]} 13. Bxc3 {[%clk 1:05:14]} Bxc3 {[%clk 1:11:01]} 14. Qxc3
{[%clk 1:05:39]} Rc8 {[%clk 1:10:36]} 15. Qb2 {[%clk 1:03:31]} Nf6
{[%clk 1:09:27]} 16. a4 {[%clk 0:59:49]} cxb4 {[%clk 1:04:19]} 17. Qxb4
{[%clk 0:59:49]} Nd5 {[%clk 1:03:54]} 18. Qb2 {[%clk 0:52:43]} Nc3
{[%clk 1:00:59]} 19. d4 {[%clk 0:50:49]} Nxe2+ {[%clk 0:59:59]} 20. Qxe2
{[%clk 0:51:13]} Qd5 {[%clk 0:57:46]} 21. Rfd1 {[%clk 0:50:23]} Rc3
{[%clk 0:54:06]} 22. Ne1 {[%clk 0:49:00]} Rfc8 {[%clk 0:52:04]} 23. f3
{[%clk 0:47:38]} Qb3 {[%clk 0:49:54]} 24. e4 {[%clk 0:43:45]} Qb4
{[%clk 0:45:06]} 25. Qb5 {[%clk 0:41:08]} Qd6 {[%clk 0:43:15]} 26. a5
{[%clk 0:36:55]} R3c4 {[%clk 0:35:12]} 27. d5 {[%clk 0:34:13]} Rb4
{[%clk 0:31:39]} 28. Qe2 {[%clk 0:33:22]} bxa5 {[%clk 0:30:35]} 29. h3
{[%clk 0:26:05]} Qb6+ {[%clk 0:28:54]} 30. Kh2 {[%clk 0:25:51]} Ba6
{[%clk 0:26:30]} 31. Qd2 {[%clk 0:23:33]} a4 {[%clk 0:23:26]} 32. e5
{[%clk 0:22:26]} Rcc4 {[%clk 0:15:50]} 33. Qg5 {[%clk 0:20:28]} f6
{[%clk 0:14:19]} 34. Qg3 {[%clk 0:20:16]} Rd4 {[%clk 0:11:54]} 35. Nc2
{[%clk 0:19:40]} Rxd1 {[%clk 0:12:17]} 36. Rxd1 {[%clk 0:20:04]} Rb2
{[%clk 0:11:39]} 37. Nd4 {[%clk 0:17:35]} fxe5 {[%clk 0:08:40]} 38. Nc6
{[%clk 0:16:55]} Qc7 {[%clk 0:07:47]} 39. Qg5 {[%clk 0:13:56]} Rb7
{[%clk 0:06:23]} 40. Qg4 {[%clk 0:12:01]} Be2 {[%clk 0:03:16]} 41. Qe6+
{[%clk 0:10:54]} Kf8 {[%clk 0:00:49]} 42. Nxe5 {[%clk 0:09:57]} Qxe5+
{[%clk 0:28:07]} 43. Qxe5 {[%clk 0:39:48]} Bxd1 {[%clk 0:28:33]} 44. Qh8+
{[%clk 0:38:42]} Kf7 {[%clk 0:28:58]} 45. Qxh7+ {[%clk 0:38:50]} Kf6
{[%clk 0:29:19]} 46. Qh4+ {[%clk 0:39:00]} Kf7 {[%clk 0:29:28]} 47. Qf4+
{[%clk 0:37:47]} Ke8 {[%clk 0:27:18]} 48. d6 {[%clk 0:37:35]} Bb3
{[%clk 0:26:32]} 49. Qe4 {[%clk 0:36:06]} 1-0

[Event "1.CLZ 14/15,Unichess A-QCC Ceske Budejovice"]
[Site "Praha"]
[Date "2015.04.12"]
[Round "11.6"]
[White "Nidl, Petr"]
[Black "Havlikova, Kristyna"]
[Result "0-1"]
[BlackElo "2249"]
[WhiteElo "2197"]
[LiveChessVersion "1.4.4"]

1. c4 {[%clk 1:10:00]} c5 {[%clk 1:30:42]} 2. Nc3 {[%clk 1:10:23]} Nc6
{[%clk 1:31:02]} 3. g3 {[%clk 1:10:48]} g6 {[%clk 1:31:15]} 4. Bg2
{[%clk 1:11:13]} Bg7 {[%clk 1:31:34]} 5. e3 {[%clk 1:11:23]} e6 {[%clk 1:22:29]}
6. Nge2 {[%clk 1:11:50]} Nge7 {[%clk 1:22:54]} 7. O-O {[%clk 1:12:18]} O-O
{[%clk 1:23:16]} 8. b3 {[%clk 1:09:41]} Qa5 {[%clk 1:10:44]} 9. Bb2
{[%clk 1:07:35]} d5 {[%clk 1:06:38]} 10. cxd5 {[%clk 1:04:48]} exd5
{[%clk 0:55:05]} 11. d4 {[%clk 1:00:21]} Bg4 {[%clk 0:49:42]} 12. h3
{[%clk 0:56:13]} cxd4 {[%clk 0:43:14]} 13. exd4 {[%clk 0:56:00]} Be6
{[%clk 0:24:50]} 14. a3 {[%clk 0:56:25]} Nf5 {[%clk 0:21:37]} 15. b4
{[%clk 0:55:54]} Qd8 {[%clk 0:22:03]} 16. Na4 {[%clk 0:53:46]} b6
{[%clk 0:22:25]} 17. Rc1 {[%clk 0:52:54]} Rc8 {[%clk 0:21:33]} 18. Qd3
{[%clk 0:36:23]} Qd7 {[%clk 0:18:48]} 19. b5 {[%clk 0:31:29]} Na5
{[%clk 0:18:57]} 20. Nf4 {[%clk 0:30:27]} Nc4 {[%clk 0:18:26]} 21. Nxe6
{[%clk 0:30:24]} fxe6 {[%clk 0:17:00]} 22. Ba1 {[%clk 0:20:00]} Qxb5
{[%clk 0:15:38]} 23. g4 {[%clk 0:15:47]} Qxa4 {[%clk 0:10:04]} 24. gxf5
{[%clk 0:16:14]} Rxf5 {[%clk 0:10:27]} 25. Rfe1 {[%clk 0:14:47]} Re8
{[%clk 0:09:37]} 26. Re2 {[%clk 0:14:12]} Qxa3 {[%clk 0:08:01]} 27. Qxa3
{[%clk 0:14:21]} Nxa3 {[%clk 0:08:29]} 28. Rc6 {[%clk 0:11:13]} Nb5
{[%clk 0:07:07]} 29. Rcxe6 {[%clk 0:11:36]} Rxe6 {[%clk 0:07:31]} 30. Rxe6
{[%clk 0:12:05]} Bxd4 {[%clk 0:03:48]} 31. Bxd4 Nxd4 {[%clk 0:04:16]} 32. Re7
{[%clk 0:10:57]} a5 {[%clk 0:02:55]} 33. Kf1 {[%clk 0:11:25]} Nc2
{[%clk 0:02:07]} 34. Ke2 {[%clk 0:09:46]} Nb4 {[%clk 0:01:33]} 35. Rb7
{[%clk 0:10:09]} Rf6 {[%clk 0:01:47]} 36. Rd7 {[%clk 0:09:46]} Re6+
{[%clk 0:01:06]} 37. Kd2 {[%clk 0:09:57]} Rf6 {[%clk 0:00:59]} 38. Ke2
{[%clk 0:09:04]} h5 {[%clk 0:01:05]} 39. Ke3 {[%clk 0:08:24]} d4+
{[%clk 0:00:40]} 40. Ke2 {[%clk 0:07:53]} d3+ {[%clk 0:01:02]} 41. Ke3
{[%clk 0:07:43]} Nc2+ {[%clk 0:28:00]} 42. Ke4 {[%clk 0:39:06]} Rxf2
{[%clk 0:28:24]} 43. Bf3 {[%clk 0:39:33]} a4 {[%clk 0:15:22]} 44. Rxd3
{[%clk 0:39:05]} a3 {[%clk 0:15:50]} 45. Rd8+ {[%clk 0:39:27]} Kg7
{[%clk 0:16:17]} 46. Ra8 {[%clk 0:39:51]} b5 {[%clk 0:16:38]} 47. Bd1
{[%clk 0:39:47]} b4 {[%clk 0:16:05]} 48. Kd3 {[%clk 0:40:02]} b3 {[%clk 0:12:38]}
49. Kc3 {[%clk 0:40:29]} a2 {[%clk 0:12:50]} 0-1

[Event "1.CLZ 14/15,Unichess A-QCC Ceske Budejovice"]
[Site "Praha"]
[Date "2015.04.12"]
[Round "11.7"]
[White "Kovar, Vojtech"]
[Black "Rajnys, Vladimir"]
[Result "1-0"]
[BlackElo "2066"]
[WhiteElo "2238"]
[LiveChessVersion "1.4.4"]

1. e4 {[%clk 1:30:53]} c5 {[%clk 1:30:53]} 2. Nf3 {[%clk 1:31:17]} d6
{[%clk 1:31:11]} 3. Bc4 {[%clk 1:31:42]} e6 {[%clk 1:30:58]} 4. O-O
{[%clk 1:32:06]} Nf6 {[%clk 1:28:32]} 5. Re1 {[%clk 1:32:10]} Nc6
{[%clk 1:27:00]} 6. d4 {[%clk 0:56:49]} cxd4 {[%clk 1:21:25]} 7. Nxd4
{[%clk 0:57:14]} Be7 {[%clk 1:21:04]} 8. a3 {[%clk 0:50:52]} a6 {[%clk 1:13:48]}
9. Ba2 {[%clk 0:50:27]} Qc7 {[%clk 1:09:15]} 10. c4 {[%clk 0:48:04]} b5
{[%clk 0:59:44]} 11. cxb5 {[%clk 0:48:15]} Nxd4 {[%clk 1:00:05]} 12. Qxd4
{[%clk 0:48:43]} axb5 {[%clk 1:00:23]} 13. Nc3 {[%clk 0:48:43]} Rb8
{[%clk 0:56:37]} 14. Bd2 {[%clk 0:34:48]} Qc5 {[%clk 0:54:51]} 15. Ne2
{[%clk 0:30:51]} Qxd4 {[%clk 0:29:04]} 16. Nxd4 {[%clk 0:31:18]} Bd7
{[%clk 0:29:17]} 17. Bb4 {[%clk 0:25:36]} g6 {[%clk 0:24:51]} 18. Rac1
{[%clk 0:24:26]} e5 {[%clk 0:24:16]} 19. Nc6 {[%clk 0:23:25]} Bxc6
{[%clk 0:21:11]} 20. Rxc6 {[%clk 0:23:52]} Kd7 {[%clk 0:21:16]} 21. Ra6
{[%clk 0:11:09]} Rb7 {[%clk 0:07:25]} 22. Rd1 {[%clk 0:11:19]} Rd8
{[%clk 0:03:40]} 23. Bxf7 {[%clk 0:10:27]} 1-0

[Event "1.CLZ 14/15,Unichess A-QCC Ceske Budejovice"]
[Site "Praha"]
[Date "2015.04.12"]
[Round "11.8"]
[White "Nejdl, Eduard"]
[Black "Skara, Vladimir"]
[Result "1-0"]
[BlackElo "2195"]
[WhiteElo "2004"]
[LiveChessVersion "1.4.4"]

1. e4 {[%clk 1:08:13]} e6 {[%clk 1:30:51]} 2. d4 {[%clk 1:31:12]} d5
{[%clk 1:31:10]} 3. Nd2 {[%clk 1:31:28]} Nf6 {[%clk 1:31:35]} 4. e5
{[%clk 1:31:43]} Nfd7 {[%clk 1:31:59]} 5. Bd3 {[%clk 1:32:02]} c5
{[%clk 1:32:22]} 6. c3 {[%clk 1:32:12]} Nc6 {[%clk 1:32:48]} 7. Ndf3
{[%clk 1:31:14]} cxd4 {[%clk 1:32:40]} 8. cxd4 {[%clk 1:31:35]} f6
{[%clk 1:31:51]} 9. Nh3 {[%clk 1:22:49]} Qb6 {[%clk 1:30:57]} 10. O-O
{[%clk 1:14:39]} fxe5 {[%clk 1:22:22]} 11. Nxe5 {[%clk 1:12:47]} Ndxe5
{[%clk 1:21:12]} 12. dxe5 {[%clk 1:12:52]} g6 {[%clk 1:10:20]} 13. Qe2
{[%clk 1:10:18]} Bg7 {[%clk 1:09:35]} 14. Bf4 {[%clk 1:09:18]} O-O
{[%clk 1:09:58]} 15. Bg3 {[%clk 1:04:09]} Bd7 {[%clk 1:10:21]} 16. Rac1
{[%clk 1:00:48]} Nb4 {[%clk 1:10:10]} 17. Bb1 {[%clk 0:54:33]} Bb5
{[%clk 1:10:29]} 18. Qg4 {[%clk 0:54:03]} Bxf1 {[%clk 1:10:40]} 19. Rxf1
{[%clk 0:54:09]} Rae8 {[%clk 1:03:13]} 20. Ng5 {[%clk 0:52:01]} h5
{[%clk 0:54:12]} 21. Qd1 {[%clk 0:48:32]} Qd8 {[%clk 0:49:20]} 22. h4
{[%clk 0:45:03]} Rf5 {[%clk 0:44:41]} 23. Bxf5 {[%clk 0:42:10]} exf5
{[%clk 0:44:50]} 24. a3 {[%clk 0:41:27]} Nc6 {[%clk 0:42:28]} 25. f4
{[%clk 0:41:03]} Bh6 {[%clk 0:38:21]} 26. Bf2 {[%clk 0:33:55]} Bxg5
{[%clk 0:38:12]} 27. hxg5 {[%clk 0:34:19]} Qa5 {[%clk 0:35:54]} 28. b4
{[%clk 0:33:06]} Qb5 {[%clk 0:36:08]} 29. Qb3 {[%clk 0:29:44]} Kf7
{[%clk 0:22:03]} 30. Rc1 {[%clk 0:27:34]} Ne7 {[%clk 0:10:24]} 31. Rc7
{[%clk 0:25:09]} Rc8 {[%clk 0:10:40]} 32. a4 {[%clk 0:25:02]} Rxc7
{[%clk 0:03:24]} 33. axb5 {[%clk 0:24:44]} b6 {[%clk 0:03:51]} 34. e6+
{[%clk 0:24:07]} Kxe6 {[%clk 0:04:05]} 35. Qb2 {[%clk 0:23:48]} Rc4
{[%clk 0:04:15]} 36. g3 {[%clk 0:22:05]} Kd7 {[%clk 0:04:13]} 37. Bd4
{[%clk 0:21:43]} Nc8 {[%clk 0:03:23]} 38. Be5 {[%clk 0:21:37]} Ke6
{[%clk 0:03:27]} 39. Bg7 {[%clk 0:21:21]} Ne7 {[%clk 0:03:32]} 40. Qe5+
{[%clk 0:20:30]} Kd7 {[%clk 0:03:16]} 41. Bf6 {[%clk 0:20:09]} Re4
{[%clk 0:03:26]} 42. Qb8 {[%clk 0:20:25]} Nc8 {[%clk 0:02:18]} 43. Qb7+ 1-0